Catalog

Record Details

Catalog Search



Cheech and Chong's next movie ; Born in East L.A. ... Read More

Record details

  • Physical Description: 2 videodiscs (3 hrs.) : sd., col. ; 4 3/4 in.
  • Edition: Universal double feature
  • Publisher: Universal City, CA : Universal Studios, c2007.

Content descriptions

General Note:
Born in East L.A. - Originally released as a motion picture in 1987. Cheech and Chong's next movie - ... Read More
With Note:
Closed captioned for the hearing impaired.
Participant or Performer Note:
Cheech Marin, Thomas Chong.
Summary, etc.:
Cheech and Chong's next movie - The zany twosome ... Read More
Born in East L.A. - A Mexican-American repairman, ... Read More
Target Audience Note:
Rated R.
System Details Note:
Cheech and Chong's next movie - DVD, region 1, ... Read More
Language Note:
Cheech and Chong's next movie - In English with ... Read More
Subject: DVDs.
DVD recordings for the hearing impaired.
Mexican Americans > Fiction.
Feature films.
Comedy films.
LDR 03044ngm a2200481Ia 4500
001153542
003LARL_NWRL_CONSORTIUM
00520130612100614.0
008090108s2007 cau180 e vleng d
02410. ‡a025195006187
02840. ‡a61100762 ‡bUniversal Studios
035 . ‡a(OCoLC)297415039
040 . ‡aNPS ‡cNPS ‡dNRG
049 . ‡aNRGQ
090 . ‡aPN1995.9.C55 ‡bC446 2007
24500. ‡aCheech and Chong's next movie ; ‡bBorn in East L.A. ‡h[DVD/videorecording] / ‡cC&C Brown Productions, Inc. ; a Universal picture ; produced by Howard Brown ; written by Thomas Chong & Cheech Marin ; Born in East L.A. / a Universal release ; produced by Peter MacGregor-Scott ; written and directed by Cheech Marin.
2463 . ‡aBorn in East L.A.
250 . ‡aUniversal double feature
260 . ‡aUniversal City, CA : ‡bUniversal Studios, ‡cc2007.
300 . ‡a2 videodiscs (3 hrs.) : ‡bsd., col. ; ‡c4 3/4 in.
501 . ‡aClosed captioned for the hearing impaired.
538 . ‡aCheech and Chong's next movie - DVD, region 1, anamorphic widescreen (1.85:1) presentation, Dolby Digital 2.0. Born in East L.A. - DVD, region 1, anamorphic widescreen (1.85:1) presentation and full screen (1.33:1) presentation, Dolby Digital 2.0.
546 . ‡aCheech and Chong's next movie - In English with English, Spanish, and French subtitles. Born in East L.A. - In English, dubbed Spanish, or dubbed French with English subtitles.
5111 . ‡aCheech Marin, Thomas Chong.
500 . ‡aBorn in East L.A. - Originally released as a motion picture in 1987. Cheech and Chong's next movie - Originally released as a motion picture in 1980.
521 . ‡aRated R.
520 . ‡aCheech and Chong's next movie - The zany twosome are back for some smoke-enhanced misadventures in this riotous comedy. This time, Cheech must deal with an angry neighbor and losing his job, all while trying to score with a sexy young lady. Meanwhile, Chong meets Cheech's cousin, Red (Cheech Marin in a dual role), and the two new buds have a wild time buzzing around Hollyweird in a bad Ferrari. Along the way, the dynamic duo find time for some mishaps at a movie set, the welfare office, a hotel, a brothel, a music store, a rich girl's house, a comedy club, the ultimate weed field and a UFO.
520 . ‡aBorn in East L.A. - A Mexican-American repairman, born and raised in East Los Angeles, is accidentally deported to Mexico.
650 0. ‡aDVDs. ‡0(LARL_NWRL_CONSORTIUM)41422
650 0. ‡aDVD recordings for the hearing impaired.
650 0. ‡aMexican Americans ‡vFiction. ‡0(LARL_NWRL_CONSORTIUM)166010
650 0. ‡aFeature films. ‡0(LARL_NWRL_CONSORTIUM)20059
650 0. ‡aComedy films. ‡0(LARL_NWRL_CONSORTIUM)178857
7001 . ‡aMarin, Cheech. ‡0(LARL_NWRL_CONSORTIUM)99709
7001 . ‡aChong, Thomas, ‡d1938-. ‡0(LARL_NWRL_CONSORTIUM)154324
7001 . ‡aBrown, Howard.
7001 . ‡aMacgregor-Scott, Peter. ‡0(LARL_NWRL_CONSORTIUM)118824
7102 . ‡aUniversal City Studios. ‡0(LARL_NWRL_CONSORTIUM)76902
7102 . ‡aUniversal Studios Home Entertainment (Firm) ‡0(LARL_NWRL_CONSORTIUM)210736
994 . ‡aC0 ‡bNRG
901 . ‡a153542 ‡bOCLC ‡c153542 ‡tbiblio

Additional Resources